Southville International School and Colleges
Your cart is empty.
  • Cart
  • Lists
    Public lists Eva Luna New books Lux_list list_1
    Your lists Log in to create your own lists
  • Log in to your account
  • Your cookies
  • Search history
Southville International School and Colleges
  • Advanced search
  • Recent comments
  • Most popular
  • Libraries

Log in to your account

Log in with GOOGLE


If you do not have an external account, but do have a local account, you can still log in:

  1. Home
  2. MARC view: Advanced accounting :
Normal view MARC view ISBD view

Advanced accounting : (Record no. 283313)

[ view plain ]
MARC details
000 -LEADER
fixed length control field 00498nam a2200145Ia 4500
008 - FIXED-LENGTH DATA ELEMENTS--GENERAL INFORMATION
fixed length control field 150223s9999 xx 000 0 und d
020 ## - INTERNATIONAL STANDARD BOOK NUMBER
International Standard Book Number 9710489800
050 ## - LIBRARY OF CONGRESS CALL NUMBER
Classification number HF 5636
Item number .G934 2011
100 ## - MAIN ENTRY--PERSONAL NAME
Personal name Guerrero, Pedro pages :et. al.
245 ## - TITLE STATEMENT
Title Advanced accounting :
Remainder of title principles and procedural applications /
Statement of responsibility, etc Pedro pages :Guerrero et. al.
250 ## - EDITION STATEMENT
Edition statement 2011 Ed.
260 ## - PUBLICATION, DISTRIBUTION, ETC. (IMPRINT)
Place of publication, distribution, etc Philippines :
Name of publisher, distributor, etc GIC Enterprises & Co., Inc.,
Date of publication, distribution, etc 2011
300 ## - PHYSICAL DESCRIPTION
Extent 463 pages :
Dimensions 23 cm.
650 ## - SUBJECT ADDED ENTRY--TOPICAL TERM
Topical term or geographic name as entry element Mathematics
General subdivision Accounting

No items available.

Advanced accounting :

APA

Guerrero P. p. e. a., . (2011). Advanced accounting. Philippines: GIC Enterprises & Co., Inc.

Chicago

Guerrero Pedro pages et al, . 2011. Advanced accounting. Philippines: GIC Enterprises & Co., Inc.

Harvard

Guerrero P. p. e. a., . (2011). Advanced accounting. Philippines: GIC Enterprises & Co., Inc.

MLA

Guerrero Pedro pages et al, . Advanced accounting. Philippines: GIC Enterprises & Co., Inc. 2011.

  • Print
  • Cite
  • Add to your cart (remove)
  • Save record
    BIBTEX Dublin Core MARCXML MARC (non-Unicode/MARC-8) MARC (Unicode/UTF-8) MARC (Unicode/UTF-8, Standard) MODS (XML) RIS
  • More searches
    Search for this title in:
    Other Libraries (WorldCat) Other Databases (Google Scholar) Online Stores (Bookfinder.com) Open Library (openlibrary.org)

Exporting to Dublin Core...

SOUTHVILLE LIBRARY

Southville International School and Colleges Library

1281 Tropical Ave. Cor. Luxembourg St., BF Homes International, Las Pinas City

Tel. No. 8256374 / 252358 Loc. 117/146

Powered by Koha